000 nam a22 a 4500
999 _c1572
_d1572
003 AKMAl
005 20170511093213.0
008 170511s1995 my 00 eng d
020 _cPercuma
040 _aAKMAL
_cAKMAL
082 0 4 _a320.9595 MAH
090 _a320.9595
_bMAH
100 _aMahathir Mohamad,
_cTun,
_d1925-
_941
245 1 4 _aThe Malaysian system of government /
_cby Dr. Mahathir bin Mohamad
260 _aKuala Lumpur :
_bJabatan Perdana Menteri,
_c1995
300 _a115p. ;
_c19cm
651 _aMalaysia
_xPolitics and government
_944
710 1 _aMalaysia.
_bJabatan Perdana Menteri
_93179
942 _2ddc
_cBOOK